Entrevista con el vampiro / (Registro nro. 2796)

Detalles MARC
000 -LEADER
fixed length control field 01409nam a2200217 a 4500
005 - FECHA ULTIMA MODIFICACION
control field 20241023134621.0
008 - CAMPO DE CONTROL (LIBRO)
fixed length control field 100630t2004||||sp |||g p 1p0dspa d
020 ## - INTERNATIONAL STANDARD BOOK NUMBER
ISBN 8466616209
041 ## - CODIGO DE IDIOMA
Código de idioma del texto/pista de sonido o título separado spa
092 ## - SIGNATURA TOPOGRAFICA DEWEY LOCAL
número de clasificación 808
libristica 74
sección RIC
100 1# - ENTRADA PRINCIPAL--NOMBRE PERSONAL
Nombre personal Rice, Anne
9 (RLIN) 3942
245 ## - TITULO PROPIAMENTE DICHO
Título Entrevista con el vampiro /
Mención de responsabilidad y remanente de la transcripción de la portada Anne Rice
250 ## - MENCION DE EDICION
Mención de edición 1a ed.
Mención de responsabilidad relacionada con la ed. Traducción Marcelo Covian
260 ## - PIE DE IMPRENTA
Lugar de publicación, distribución, etc Barcelona:
Nombre de la editorial, distribuidor, etc Ediciones B;
Fecha de publicación 2004.
300 ## - DESCRIPCION FISICA
Extension 463 p.
500 ## - NOTA GENERAL
Nota general Rice, A. (2004). Entrevista con el vampiro. (1a ed.). Barcelona : Ediciones B.
505 ## - NOTA DE CONTENIDO
Nota de contenido formateada Primera novela de una emocionante trilogía, Entrevista con el vampiro narra la conversión de un joven de Nueva Orleans en eterno habitante de la noche. El personaje tiene un poderoso motivo para convertirse en un ser maldito: el sentimiento de culpabilidad por la muerte de su hermano menor. Pero desde el comienzo de su vida sobrenatural los sentimientos más humano salen a su paso, en especial el amor, no exento de dependencia psicológica y sexual, por una de sus jóvenes victimas. Una novela de inusitado horror, producto de una pluma magistral. Anne Rice es autora, entre otras novelas de tres famosas series: Crónicas Vampíricas, a la que pertenece, entre otros, este título; las brujas de Mayfair, y Nuevas historias de vampiros.
590 ## - NOTAS LOCALES (RLIN)
Nota local Proyecto 4to Libro. Donación Victoria Lara, Mayo 2018.
655 ## - MATERIA - GENERO/FORMA
Género/Forma Literatura
-- 2917
942 ## - ADDED ENTRY ELEMENTS (KOHA)
Source of classification or shelving scheme Library of Congress Classification
Item type LITERATURA
Existencias
Estado de retiro Existencia Fuente de clasificación Estado general No para prestamo Ubicación permanente ubicación actual Sala de ubicación Fecha de adquisición Fuente de adquisición Total Checkouts Número de clasificación Código de barras Date last seen Date last borrowed Número de ejemplar Price effective from Koha tipo de elemento (item) Public note
    Dewey Decimal Classification     Biblioteca Medicina Biblioteca Medicina Circulación 28/05/2018 Donación Victoria Lara, mayo 2018 4 808 74 RIC 4289 13/03/2020 17/12/2019 Ej. 1 28/05/2018 LITERATURA Proyecto 4to libro. Donación Victoria Lara, mayo 2018

UNIVERSIDAD NACIONAL DEL COMAHUE
Biblioteca de la Facultad de Ciencias Médicas
Sede Toschi: Los Arrayanes y Av. Toschi, Cipolletti  - Rio Negro
Sede Los Tordos:  Yrigoyen al 2211, Cipolletti - Rio Negro 

Teléfono: 0299 - 4774707 int 25
Contacto: biblioteca@facimed.uncoma.edu.ar
© 2011 - 2026